Walt Disney World Attractions by Picture - Statistics

General Stats
  • This quiz has been taken 1,295 times
  • The average score is 12 of 16
Answer Stats
Picture Answer % Correct
Tower of Terror
92%
It's a Small World
91%
Pirates of the Caribbean
88%
Space Mountain
87%
Splash Mountain
84%
Big Thunder Mountain
82%
Expedition Everest
82%
Haunted Mansion
82%
Seven Dwarfs Mine Train
76%
Slinky Dog Dash
74%
Jungle Cruise
73%
Kilimanjaro Safaris
72%
Spaceship Earth
69%
Toy Story Mania
67%
Star Tours
65%
Carousel of Progress
61%
No matching quizzes found
Score Distribution
Percent of People with Each Score
Percentile by Number Answered
Your Score History
You have not taken this quiz